[Event "GER-ch U14 Girls"]
[Site "Willingen"]
[Date "2024.05.19"]
[Round "2"]
[White "Rafikova, Ailin"]
[Black "Dodul, Alice"]
[Result "0-1"]
[WhiteElo "1625"]
[BlackElo "1654"]
[PlyCount "88"]
[EventDate "2024.05.19"]
[EventType "swiss"]
[EventRounds "9"]
[EventCountry "GER"]
[SourceTitle "CBM 220 Extra"]
[Source "ChessBase"]
[SourceDate "2024.07.31"]
[SourceVersion "1"]
[SourceVersionDate "2024.07.31"]
[SourceQuality "1"]

1. e4 e5 2. Nf3 Nc6 3. Bb5 f5 4. Nc3 fxe4 5. Nxe4 d5 6. Nxe5 dxe4 7. Nxc6 Qd5 8. c4 Qc5 9. d4 exd3 10. Be3 Qd6 11. Nd4+ c6 12. c5 Qxc5 13. Bxd3 Qa5+ 14. Bd2 Qe5+ 15. Be3 Bb4+ 16. Kf1 Nf6 17. a3 Ba5 18. b4 Bc7 19. Nf3 Qe7 20. Qd2 Be6 21. Re1 0-0-0 22. Qc2 Qd7 23. Rd1 a6 24. Nd4 g6 25. Nxe6 Qxe6 26. h3 Rhe8 27. Kg1 Nd5 28. Bc4 Qe5 29. Bd4 Qg5 30. g3 Nb6 31. Bb3 Bxg3 32. Bxb6 Bc7+ 33. Kf1 Bxb6 34. Rg1 Qb5+ 35. Kg2 Rxd1 36. Qxd1 Re2 37. Rf1 Qg5+ 38. Kf3 Qh5+ 39. Kg3 Qe5+ 40. Kg2 Bc7 41. Qd3 Re4 42. Rd1 Qh2+ 43. Kf3 Rf4+ 44. Ke3 Qxf2# 0-1

[Event "GER-chT Lands U20"]
[Site "Hannover"]
[Date "2023.10.04"]
[Round "6"]
[White "Dodul, Alice"]
[Black "Wunderlich, Elias"]
[Result "0-1"]
[WhiteElo "1414"]
[BlackElo "1941"]
[PlyCount "96"]
[EventDate "2023.10.01"]
[EventType "team-swiss"]
[EventRounds "7"]
[EventCountry "GER"]
[SourceTitle "CBM 216 Extra"]
[Source "ChessBase"]
[SourceDate "2023.11.30"]
[SourceVersion "1"]
[SourceVersionDate "2023.11.30"]
[SourceQuality "1"]

1. f4 d5 2. Nf3 Nf6 3. e3 g6 4. d4 c5 5. c3 Nc6 6. Be2 Bg7 7. 0-0 Bf5 8. Bd2 Qc7 9. Be1 h5 10. Bh4 0-0-0 11. Ng5 Rhf8 12. h3 Ne4 13. Nd2 Nxg5 14. Bxg5 f6 15. Bh4 Rh8 16. Nf3 Rd7 17. Qe1 Qb6 18. Qd2 Be4 19. Rfe1 Nd8 20. Bf2 Nf7 21. h4 Nh6 22. Nh2 e5 23. fxe5 fxe5 24. Bf3 Bxf3 25. Nxf3 e4 26. dxc5 Qxc5 27. Nd4 Qe7 28. Qe2 Ng4 29. Bg3 Be5 30. Bf4 Bxf4 31. exf4 Qxh4 32. Qd2 e3 33. Qc2 Qh2+ 34. Kf1 Qh1+ 35. Ke2 Qxg2+ 36. Kd1 Nf2+ 37. Kc1 Re8 38. Ne2 Qe4 39. Rg1 Re6 40. b3 Nd3+ 41. Kd1 Nxf4 42. Re1 Nd3 43. Rg1 Rf6 44. Rb1 Rf2 45. Ra1 Rdf7 46. Qb1 Rxe2 47. Kxe2 Rf2+ 48. Kd1 Rd2# 0-1

[Event "GER-ch U14 Girls"]
[Site "Willingen"]
[Date "2023.05.31"]
[Round "5"]
[White "Vogt, Luna"]
[Black "Dodul, Alice"]
[Result "1/2-1/2"]
[WhiteElo "1345"]
[BlackElo "1430"]
[PlyCount "96"]
[EventDate "2023.05.27"]
[EventType "swiss"]
[EventRounds "9"]
[EventCountry "GER"]
[SourceTitle "CBM 214 Extra"]
[Source "ChessBase"]
[SourceDate "2023.07.31"]
[SourceVersion "1"]
[SourceVersionDate "2023.07.31"]
[SourceQuality "1"]

1. d4 d5 2. c4 e6 3. Nc3 Nf6 4. cxd5 exd5 5. Bg5 Nbd7 6. e3 Be7 7. Bd3 h6 8. Bh4 c6 9. Nge2 0-0 10. 0-0 Bd6 11. Qc2 Qc7 12. Bg3 Bxg3 13. Nxg3 c5 14. Na4 c4 15. Be2 a6 16. Nc3 b5 17. a3 Rd8 18. f3 Nf8 19. Rad1 Qb6 20. Rfe1 Bb7 21. b3 Rac8 22. bxc4 dxc4 23. Rb1 Ng6 24. Qb2 Bc6 25. Bxc4 Qa5 26. Ba2 Bxf3 27. Rbc1 Bb7 28. Qb3 Rf8 29. e4 Qb6 30. Rcd1 Qc6 31. Nb1 Rce8 32. d5 Qc5+ 33. Kh1 Ng4 34. Rd2 Nf2+ 35. Rxf2 Qxf2 36. Rf1 Qc5 37. Nc3 Ne5 38. Nf5 Nd3 39. Nd1 Nc1 40. Qg3 g6 41. Nxh6+ Kg7 42. Nf5+ Kg8 43. Nh6+ Kg7 44. Nf5+ Kg8 45. Nh6+ Kg7 46. Nf5+ Kg8 47. Nh6+ Kg7 48. Nf5+ Kg8 1/2-1/2

[Event "GER-ch U12 Girls"]
[Site "Willingen"]
[Date "2022.06.06"]
[Round "3"]
[White "Kutz, Ida Klara"]
[Black "Dodul, Alice"]
[Result "0-1"]
[WhiteElo "1327"]
[BlackElo "1329"]
[PlyCount "42"]
[EventDate "2022.06.04"]
[EventType "swiss"]
[EventRounds "9"]
[EventCountry "GER"]
[SourceTitle "CBM 208 Extra"]
[Source "ChessBase"]
[SourceDate "2022.07.31"]
[SourceVersion "1"]
[SourceVersionDate "2022.07.31"]
[SourceQuality "1"]

1. c4 e5 2. Nc3 Nf6 3. Nf3 Nc6 4. g3 Bc5 5. Bg2 d6 6. 0-0 Be6 7. d3 h6 8. a3 a5 9. b3 0-0 10. Bb2 Qc8 11. Re1 Bh3 12. Bh1 Ng4 13. Ne4 Ba7 14. e3 f5 15. Nc3 f4 16. Nh4 fxe3 17. Bd5+ Kh8 18. Ng6+ Kh7 19. Nxf8+ Qxf8 20. Ne4 exf2+ 21. Kh1 fxe1Q+ 0-1